Statistics for Native American Words

Click here to take the quiz!

General Stats

  • This quiz has been taken 22,553 times
    (10,027 since last reset)
  • The average score is 13 of 21

Answer Stats

DefinitionLanguageLetterWord% Correct
Dome-shaped shelter made from snowInuktitutIIgloo
98%
Cone-shaped tentLakotaTTepee
93%
Smaller relative of the llamaAymaraAAlpaca
84%
Small boat with waterproof coveringInuktitutKKayak
82%
Deerskin shoePowhatanMMoccasin
82%
"Masked" mammal native to the AmericasPowhatanRRaccoon
78%
Native American axeAlgonquianTTomahawk
77%
Another word for BigfootHalkomelemSSasquatch
74%
Food family that includes zucchini and pumpkinsNarragansettSSquash
70%
Simple rainjacketQuechuaPPoncho
65%
Large Native-American gatheringAlgonquianPPowwow
64%
Green, pitted fruit. In Nahuatl, it also means "testicle".NahuatlAAvocado
63%
An object that serves as an emblem of a tribe or clanOjibweTTotem
62%
Red fruit native to the AmericasNahuanTTomato
58%
Type of sled without runnersAlgonquianTToboggan
57%
Domed shelter used by Northeast American tribesAbenakiWWigwam
49%
Southwest wood popular in barbequeNahuatlMMesquite
41%
A word that means "baby"NarragansettPPapoose
33%
A sudden warm wind that blows over the Canadian plainsLower ChehalisCChinook
29%
Shell beads sometimes used as currencyNarragansettWWampum
29%
Pacific Northwest gathering and gift exchangeChinookPPotlatch
14%

Score Distribution

Percentile by Number Answered

Percent of People with Each Score

Your Score History

You have not taken this quiz since the last reset